Normal view
MARC view
Entry Personal Name
001 - CONTROL NUMBER
- control field: 1014
003 - CONTROL NUMBER IDENTIFIER
- control field: OSt
005 - DATE AND TIME OF LATEST TRANSACTION
- control field: 20150705170214.0
008 - FIXED-LENGTH DATA ELEMENTS
- fixed length control field: 150705|| aca||aabn | a|a d
040 ## - CATALOGING SOURCE
- Original cataloging agency: OSt
- Transcribing agency: OSt
100 ## - HEADING--PERSONAL NAME
- Personal name: Neveill, Pran
670 ## - SOURCE DATA FOUND
- Source citation: Work cat.: (OSt)16592: Neveill, Pran, Beyond The Veil Indian Women In The Raj, 2000









